Expert learning for law students

Salvato in:
Dettagli Bibliografici
Autore principale: Schwartz, Michael Hunter
Natura: Sconosciuto
Lingua:inglese
Pubblicazione: Durham, North Carolina, USA Carolina Academic Pres 2008
Edizione:Second.edition
Soggetti:
Tags: Aggiungi Tag
Nessun Tag, puoi essere il primo ad aggiungerne!!

MARC

LEADER 00000 a2200000 4500
003 CL-VaPUC
005 20201116133527.0
008 201116b ||||| |||| 00| 0 eng d
999 |c 431690  |d 431688 
020 |a 9781594605451 
040 |c Pontificia Universidad Católica de Valparaíso 
082 |a 340.071173 SCH 2008 
100 |a Schwartz, Michael Hunter   |9 856494 
245 |a Expert learning for law students 
250 |a Second.edition  
260 |a Durham, North Carolina, USA   |b Carolina Academic Pres  |c 2008 
300 |a 296 páginas  
583 |k Cristina Rojas  |c 20201116 
650 |a Estudiantes de derecho   |x Manuales   |9 858230 
650 |a Derecho   |x Estudio y enseñanza   |z Estados Unidos   |9 858231 
852 |a BIBCUR 
942 |2 ddc  |c BK 
952 |0 0  |1 0  |2 ddc  |4 0  |6 340_071173000000000_SCH_2008  |7 0  |8 A  |9 576908  |a BIBDER  |b BIBDER  |d 2020-08-31  |e 3  |g 43902.00  |i 5577535  |o 340.071173 SCH 2008  |p 5577535  |r 2023-01-25  |t 1  |v 43902.00  |w 2020-11-16  |y BK  |k DER